| 000 | 01118nam a2200313 a 4500 | ||
|---|---|---|---|
| 001 | BRCA_8673 | ||
| 003 | FranzMayer | ||
| 005 | 20230811111709.0 | ||
| 008 | 021216s--------ag-#######---#000-0#lat-# | ||
| 040 |
_aMFM _besp _cMFM |
||
| 041 | _alat | ||
| 044 | _ait | ||
| 050 | 4 |
_aBV169 _b.I55 (D-45/K-40) |
|
| 245 | 1 | 0 | _aInitium dulcissimi nomin B. V. Mariae Antiphona. |
| 260 |
_a[s.l] _b[s.e.] _c[s.f.] |
||
| 300 |
_a1 vol. (sin paginación) _c30 cm |
||
| 500 | _aFondo antiguo | ||
| 500 | _aSe encuentra en Caja Fuerte | ||
| 500 | _aD-45/K-40 | ||
| 500 | _aRubrica en las guardas perteneciente a María del Carmen | ||
| 500 | _aLetras capitulares elaboradas a mano en tinta roja | ||
| 500 | _aLibro de coro manuscrito que contiene pentagramas musicales | ||
| 500 | _aNota de encuadernación: en pasta española, cantos en rojo y broches de piel | ||
| 506 | 0 | _aFondo reservado: para su consulta es necesario credencial de usuario y carta de motivos | |
| 650 | 1 | 4 |
_aIglesia católica _eLiturgia _vManuscritos _921636 |
| 650 | 1 | 4 |
_aLibros de coro _eIglesia católica _921637 |
| 902 | _aLAR | ||
| 942 |
_2lcc _cB |
||
| 999 |
_c8331 _d8331 |
||